[Event "World Chess Olympiad 2018"]
[Site "Batumi"]
[Date "2018.09.26"]
[Round "3"]
[Board "2"]
[WhiteFideId "2212943"]
[White "Lopez Martinez Josep Manuel"]
[BlackFideId "13900200"]
[Black "Iordachescu Viorel"]
[Result "1-0"]
[LiveChessVersion "1.4.8"]
[BlackElo "2591"]
[WhiteElo "2581"]

1. d4 {[%clk 1:30:55]} Nf6 {[%clk 1:30:42]} 2. c4 {[%clk 1:31:16]} e6
{[%clk 1:31:06]} 3. Nf3 {[%clk 1:31:38]} Bb4+ {[%clk 1:31:13]} 4. Bd2
{[%clk 1:31:56]} c5 {[%clk 1:31:30]} 5. Bxb4 {[%clk 1:31:24]} cxb4
{[%clk 1:31:56]} 6. a3 {[%clk 1:31:23]} bxa3 {[%clk 1:30:35]} 7. Rxa3
{[%clk 1:31:07]} O-O {[%clk 1:29:46]} 8. e3 {[%clk 1:29:05]} Nc6 {[%clk 1:22:15]}
9. Nc3 {[%clk 1:25:12]} d6 {[%clk 1:20:41]} 10. Be2 {[%clk 1:24:18]} e5
{[%clk 1:16:23]} 11. O-O {[%clk 1:20:38]} Bg4 {[%clk 1:14:01]} 12. h3
{[%clk 1:18:03]} Bh5 {[%clk 1:13:13]} 13. Qd2 {[%clk 1:17:40]} a5
{[%clk 1:04:22]} 14. Rd1 {[%clk 1:13:35]} Re8 {[%clk 1:03:36]} 15. Nb5
{[%clk 0:52:27]} Ne4 {[%clk 0:57:05]} 16. Qe1 {[%clk 0:52:08]} Qe7
{[%clk 0:53:35]} 17. Nd2 {[%clk 0:44:47]} Bxe2 {[%clk 0:48:44]} 18. Qxe2
{[%clk 0:41:19]} Nf6 {[%clk 0:48:35]} 19. Nf3 {[%clk 0:38:29]} e4
{[%clk 0:45:02]} 20. Ne1 {[%clk 0:32:44]} b6 {[%clk 0:43:56]} 21. Nc2
{[%clk 0:31:42]} d5 {[%clk 0:43:23]} 22. b3 {[%clk 0:30:03]} Rac8
{[%clk 0:39:47]} 23. Raa1 {[%clk 0:29:11]} g6 {[%clk 0:38:33]} 24. Rdc1
{[%clk 0:23:30]} Red8 {[%clk 0:38:34]} 25. Nc3 {[%clk 0:22:39]} Qe6
{[%clk 0:35:41]} 26. Na4 {[%clk 0:22:15]} Nd7 {[%clk 0:33:28]} 27. cxd5
{[%clk 0:19:12]} Qxd5 {[%clk 0:33:31]} 28. Nc3 {[%clk 0:19:04]} Qxb3
{[%clk 0:30:18]} 29. Ra3 {[%clk 0:19:04]} Nxd4 {[%clk 0:16:28]} 30. exd4
{[%clk 0:18:45]} Qc4 {[%clk 0:16:39]} 31. Qxc4 {[%clk 0:17:39]} Rxc4
{[%clk 0:17:05]} 32. Nd5 {[%clk 0:16:06]} Kg7 {[%clk 0:15:45]} 33. Nde3
{[%clk 0:16:24]} Rc6 {[%clk 0:15:37]} 34. Rb1 {[%clk 0:15:43]} h5
{[%clk 0:11:22]} 35. h4 {[%clk 0:13:19]} Rdc8 {[%clk 0:11:14]} 36. Ra2
{[%clk 0:13:35]} Rc3 {[%clk 0:11:18]} 37. Kh2 {[%clk 0:10:38]} Rd3
{[%clk 0:11:02]} 38. Kg3 {[%clk 0:08:41]} Rcc3 {[%clk 0:08:04]} 39. Kh2
{[%clk 0:05:27]} Rd2 {[%clk 0:05:21]} 40. Kg1 {[%clk 0:35:26]} Nf6
{[%clk 0:35:10]} 41. Rd1 {[%clk 0:26:29]} Rdd3 {[%clk 0:31:12]} 42. Rb1
{[%clk 0:22:32]} Rd2 {[%clk 0:20:41]} 43. g3 {[%clk 0:13:04]} Ng4
{[%clk 0:16:55]} 44. Nxg4 {[%clk 0:13:24]} hxg4 {[%clk 0:17:15]} 45. Rbb2
{[%clk 0:13:36]} a4 {[%clk 0:12:17]} 46. Ne3 {[%clk 0:13:22]} Rxb2
{[%clk 0:12:17]} 47. Rxb2 {[%clk 0:13:50]} a3 {[%clk 0:11:33]} 48. Ra2
{[%clk 0:12:03]} b5 {[%clk 0:01:29]} 49. Nc2 {[%clk 0:12:22]} e3 {[%clk 0:00:36]}
50. fxe3 {[%clk 0:12:40]} b4 {[%clk 0:00:57]} 51. Nxb4 {[%clk 0:13:03]} Rxe3
{[%clk 0:01:26]} 52. Kf2 {[%clk 0:10:50]} Rf3+ {[%clk 0:01:50]} 53. Kg2
{[%clk 0:11:13]} Rb3 {[%clk 0:02:15]} 54. Nc2 {[%clk 0:11:04]} Rd3
{[%clk 0:02:35]} 55. Nxa3 {[%clk 0:10:34]} Rxd4 {[%clk 0:03:01]} 56. Re2
{[%clk 0:10:29]} f5 {[%clk 0:02:06]} 57. Nc2 {[%clk 0:10:17]} Rd3
{[%clk 0:02:20]} 58. Ne1 {[%clk 0:08:26]} Rb3 {[%clk 0:02:17]} 59. Rd2
{[%clk 0:08:21]} g5 {[%clk 0:02:24]} 60. hxg5 {[%clk 0:08:38]} Kg6
{[%clk 0:02:49]} 61. Nd3 {[%clk 0:08:33]} Kxg5 {[%clk 0:02:59]} 62. Nf4
{[%clk 0:08:49]} Ra3 {[%clk 0:03:01]} 63. Rd3 {[%clk 0:07:24]} Ra2+
{[%clk 0:03:02]} 64. Kf1 {[%clk 0:07:46]} Ra1+ {[%clk 0:02:55]} 65. Ke2
{[%clk 0:07:48]} Rg1 {[%clk 0:02:25]} 66. Kf2 {[%clk 0:07:40]} Ra1
{[%clk 0:02:40]} 67. Rd8 {[%clk 0:07:26]} Ra2+ {[%clk 0:02:39]} 68. Ke3
{[%clk 0:06:52]} Ra3+ {[%clk 0:03:01]} 69. Rd3 {[%clk 0:05:13]} Ra2
{[%clk 0:03:07]} 70. Rb3 {[%clk 0:05:07]} Ra4 {[%clk 0:03:16]} 71. Ne6+
{[%clk 0:05:05]} Kf6 {[%clk 0:01:06]} 72. Nd4 {[%clk 0:03:39]} Kg5
{[%clk 0:01:10]} 73. Ne6+ {[%clk 0:03:01]} Kf6 {[%clk 0:01:35]} 74. Nc5
{[%clk 0:03:29]} Rc4 {[%clk 0:01:08]} 75. Rb6+ {[%clk 0:03:49]} Kf7
{[%clk 0:01:19]} 76. Nd3 {[%clk 0:03:35]} Re4+ {[%clk 0:01:46]} 77. Kf2
{[%clk 0:03:41]} Ra4 {[%clk 0:02:09]} 78. Ne5+ {[%clk 0:03:45]} Ke7
{[%clk 0:02:33]} 79. Rh6 {[%clk 0:03:19]} Re4 {[%clk 0:01:47]} 80. Ng6+
{[%clk 0:03:09]} Kf7 {[%clk 0:02:04]} 81. Nf4 {[%clk 0:03:30]} Ra4
{[%clk 0:02:02]} 82. Rd6 {[%clk 0:03:31]} Ke7 {[%clk 0:01:53]} 83. Rc6
{[%clk 0:03:26]} Ra2+ {[%clk 0:02:05]} 84. Ke3 {[%clk 0:03:29]} Ra3+
{[%clk 0:02:27]} 85. Nd3 {[%clk 0:03:51]} Ra4 {[%clk 0:02:39]} 86. Rb6
{[%clk 0:02:40]} Re4+ {[%clk 0:02:58]} 87. Kd2 {[%clk 0:03:04]} Ra4
{[%clk 0:03:16]} 88. Nb4 {[%clk 0:00:57]} Kf7 {[%clk 0:02:52]} 89. Ke3
{[%clk 0:00:52]} Ra3+ {[%clk 0:03:14]} 90. Nd3 {[%clk 0:01:16]} Ra4
{[%clk 0:03:22]} 91. Rb4 {[%clk 0:01:37]} Ra3 {[%clk 0:03:25]} 92. Rd4
{[%clk 0:01:57]} Ke6 {[%clk 0:02:55]} 93. Kf4 {[%clk 0:02:08]} Rc3
{[%clk 0:01:33]} 94. Rd8 {[%clk 0:01:50]} Ra3 {[%clk 0:01:47]} 95. Nc5+
{[%clk 0:01:56]} Kf7 {[%clk 0:01:38]} 96. Rd3 {[%clk 0:02:00]} Ra5
{[%clk 0:01:11]} 97. Rd5 {[%clk 0:02:00]} 1-0

[Event "World Chess Olympiad 2018"]
[Site "Batumi"]
[Date "2018.09.26"]
[Round "3"]
[Board "3"]
[WhiteFideId "13900463"]
[White "Svetushkin Dmitry"]
[BlackFideId "3503054"]
[Black "Vazquez Igarza Renier"]
[Result "1-0"]
[LiveChessVersion "1.4.8"]
[BlackElo "2573"]
[WhiteElo "2580"]

1. e4 {[%clk 1:30:55]} c5 {[%clk 1:30:42]} 2. Nf3 {[%clk 1:31:17]} g6
{[%clk 1:29:51]} 3. c3 {[%clk 1:31:39]} Bg7 {[%clk 1:29:27]} 4. d4
{[%clk 1:31:47]} cxd4 {[%clk 1:29:17]} 5. cxd4 {[%clk 1:32:08]} d5
{[%clk 1:29:42]} 6. e5 {[%clk 1:32:31]} a6 {[%clk 1:29:42]} 7. Bf4
{[%clk 1:25:44]} Nc6 {[%clk 1:30:02]} 8. Be2 {[%clk 1:24:57]} f6 {[%clk 1:25:13]}
9. Qd2 {[%clk 1:16:59]} Bg4 {[%clk 1:22:20]} 10. Nc3 {[%clk 1:14:53]} Bxf3
{[%clk 1:19:09]} 11. Bxf3 {[%clk 1:04:42]} e6 {[%clk 1:19:10]} 12. Bg4
{[%clk 1:01:18]} Kf7 {[%clk 1:10:44]} 13. O-O-O {[%clk 0:58:59]} Rc8
{[%clk 1:08:39]} 14. Kb1 {[%clk 0:57:16]} Nge7 {[%clk 1:01:08]} 15. exf6
{[%clk 0:50:33]} Bxf6 {[%clk 1:01:32]} 16. Rhe1 {[%clk 0:50:28]} Nf5
{[%clk 0:50:25]} 17. Bxf5 {[%clk 0:49:50]} gxf5 {[%clk 0:42:34]} 18. g4
{[%clk 0:34:11]} Nxd4 {[%clk 0:38:01]} 19. Qe3 {[%clk 0:29:01]} Qb6
{[%clk 0:14:15]} 20. gxf5 {[%clk 0:27:34]} Rhe8 {[%clk 0:10:53]} 21. Be5
{[%clk 0:24:00]} Bxe5 {[%clk 0:04:51]} 22. Qxe5 {[%clk 0:24:20]} Nxf5
{[%clk 0:04:07]} 23. Nxd5 {[%clk 0:24:03]} Qd8 {[%clk 0:04:36]} 24. Ne3
{[%clk 0:19:48]} Qc7 {[%clk 0:02:01]} 25. Qe4 {[%clk 0:20:01]} Qc6
{[%clk 0:01:27]} 26. Qg4 {[%clk 0:20:03]} Nxe3 {[%clk 0:01:20]} 27. Qh5+
{[%clk 0:18:50]} Kg8 {[%clk 0:01:50]} 28. Qg5+ {[%clk 0:15:50]} Kh8
{[%clk 0:01:35]} 29. Qe5+ {[%clk 0:14:10]} Kg8 {[%clk 0:02:03]} 30. fxe3
{[%clk 0:13:50]} Qc2+ {[%clk 0:01:36]} 31. Ka1 {[%clk 0:14:14]} 1-0

[Event "World Chess Olympiad 2018"]
[Site "Batumi"]
[Date "2018.09.26"]
[Round "3"]
[Board "4"]
[WhiteFideId "2226332"]
[White "Ibarra Jerez Jose Carlos"]
[BlackFideId "13900897"]
[Black "Morozov Nichita"]
[Result "1/2-1/2"]
[LiveChessVersion "1.4.8"]
[BlackElo "2452"]
[WhiteElo "2564"]

1. Nf3 {[%clk 1:30:48]} Nf6 {[%clk 1:30:46]} 2. g3 {[%clk 1:30:46]} b6
{[%clk 1:30:21]} 3. Bg2 {[%clk 1:30:15]} Bb7 {[%clk 1:30:47]} 4. O-O
{[%clk 1:29:56]} e6 {[%clk 1:31:11]} 5. c4 {[%clk 1:29:17]} Be7 {[%clk 1:31:33]}
6. Nc3 {[%clk 1:28:51]} O-O {[%clk 1:31:57]} 7. Re1 {[%clk 1:28:48]} Ne4
{[%clk 1:30:48]} 8. Nxe4 {[%clk 1:28:13]} Bxe4 {[%clk 1:31:15]} 9. d3
{[%clk 1:27:58]} Bb7 {[%clk 1:31:44]} 10. e4 {[%clk 1:28:12]} c5 {[%clk 1:32:02]}
11. d4 {[%clk 1:28:25]} cxd4 {[%clk 1:32:26]} 12. Nxd4 {[%clk 1:28:46]} d6
{[%clk 1:32:01]} 13. b3 {[%clk 1:25:00]} Nc6 {[%clk 1:25:43]} 14. Bb2
{[%clk 1:17:39]} Rc8 {[%clk 1:20:27]} 15. Qd2 {[%clk 1:06:08]} a6
{[%clk 1:19:54]} 16. Rad1 {[%clk 1:05:16]} Qc7 {[%clk 1:12:33]} 17. Nc2
{[%clk 1:00:57]} b5 {[%clk 1:08:40]} 18. Ne3 {[%clk 0:58:47]} Rfd8
{[%clk 1:07:43]} 19. Rc1 {[%clk 0:51:59]} Qb8 {[%clk 1:01:42]} 20. h4
{[%clk 0:47:21]} Qa8 {[%clk 0:59:25]} 21. f4 {[%clk 0:36:51]} Bf8
{[%clk 0:57:16]} 22. Qe2 {[%clk 0:34:26]} Nb8 {[%clk 0:50:16]} 23. Ng4
{[%clk 0:33:06]} h6 {[%clk 0:50:43]} 24. Bh3 {[%clk 0:25:58]} bxc4
{[%clk 0:44:52]} 25. bxc4 {[%clk 0:24:59]} Qa7+ {[%clk 0:43:35]} 26. Kh2
{[%clk 0:24:13]} Qc5 {[%clk 0:43:47]} 27. f5 {[%clk 0:21:56]} Re8
{[%clk 0:37:44]} 28. f6 {[%clk 0:17:58]} g6 {[%clk 0:38:00]} 29. Qd2
{[%clk 0:17:14]} Kh7 {[%clk 0:37:24]} 30. Bd4 {[%clk 0:17:00]} Qc7
{[%clk 0:24:42]} 31. Bg2 {[%clk 0:11:23]} Nc6 {[%clk 0:19:37]} 32. Be3
{[%clk 0:09:26]} h5 {[%clk 0:19:57]} 33. Nf2 {[%clk 0:09:35]} Ne5
{[%clk 0:20:14]} 34. Qb2 {[%clk 0:06:21]} Ba8 {[%clk 0:11:57]} 35. Qe2
{[%clk 0:03:30]} 1/2-1/2

[Event "World Chess Olympiad 2018"]
[Site "Batumi"]
[Date "2018.09.26"]
[Round "3"]
[Board "1"]
[WhiteFideId "4201345"]
[White "Papaioannou Ioannis"]
[BlackFideId "4692055"]
[Black "Bogner Sebastian"]
[Result "1/2-1/2"]
[LiveChessVersion "1.4.8"]
[BlackElo "2619"]
[WhiteElo "2634"]

1. d4 {[%clk 1:30:54]} Nf6 {[%clk 1:30:50]} 2. Nf3 {[%clk 1:31:17]} e6
{[%clk 1:31:12]} 3. c4 b6 {[%clk 1:31:27]} 4. e3 {[%clk 1:30:38]} Bb7
{[%clk 1:31:35]} 5. Bd3 {[%clk 1:30:44]} d5 {[%clk 1:29:19]} 6. O-O
{[%clk 1:30:43]} Bd6 {[%clk 1:27:23]} 7. Nc3 {[%clk 1:30:22]} O-O
{[%clk 1:26:17]} 8. a3 {[%clk 1:27:59]} Nbd7 {[%clk 1:19:53]} 9. cxd5
{[%clk 1:26:11]} exd5 {[%clk 1:20:00]} 10. Nb5 {[%clk 1:20:51]} Be7
{[%clk 1:20:12]} 11. Bd2 {[%clk 1:19:36]} a6 {[%clk 1:19:17]} 12. Nc3
{[%clk 1:20:01]} Bd6 {[%clk 1:17:20]} 13. Ne2 {[%clk 1:18:27]} Ne4
{[%clk 1:11:26]} 14. Rc1 {[%clk 1:16:49]} Qe7 {[%clk 1:00:10]} 15. Ng3
{[%clk 1:11:03]} g6 {[%clk 0:57:38]} 16. Bb4 {[%clk 1:08:40]} c5 {[%clk 0:56:14]}
17. dxc5 {[%clk 1:08:59]} bxc5 {[%clk 0:56:25]} 18. Ba5 {[%clk 1:08:40]} f5
{[%clk 0:45:59]} 19. Bb1 {[%clk 1:05:33]} Ndf6 {[%clk 0:45:55]} 20. b4
{[%clk 0:56:31]} c4 {[%clk 0:42:22]} 21. Bb6 {[%clk 0:54:49]} Nd7
{[%clk 0:40:30]} 22. Ba5 {[%clk 0:50:25]} Rf7 {[%clk 0:38:00]} 23. Ne2
{[%clk 0:49:28]} g5 {[%clk 0:33:55]} 24. Nfd4 {[%clk 0:47:29]} Qe5
{[%clk 0:24:42]} 25. f4 {[%clk 0:46:20]} Qe7 {[%clk 0:24:17]} 26. Bxe4
{[%clk 0:44:23]} fxe4 {[%clk 0:21:44]} 27. Ng3 {[%clk 0:43:58]} gxf4
{[%clk 0:16:22]} 28. Ngf5 {[%clk 0:43:00]} Qf6 {[%clk 0:16:19]} 29. exf4
{[%clk 0:42:19]} Bb8 {[%clk 0:07:09]} 30. Kh1 {[%clk 0:38:11]} Ba7
{[%clk 0:05:53]} 31. Rc3 {[%clk 0:29:10]} Bxd4 {[%clk 0:04:11]} 32. Nxd4
{[%clk 0:29:33]} Ne5 {[%clk 0:04:09]} 33. Rg3+ 1/2-1/2

[Event "World Chess Olympiad 2018"]
[Site "Batumi"]
[Date "2018.09.26"]
[Round "3"]
[Board "2"]
[WhiteFideId "1301837"]
[White "Pelletier Yannick"]
[BlackFideId "4202031"]
[Black "Banikas Hristos"]
[Result "1/2-1/2"]
[LiveChessVersion "1.4.8"]
[BlackElo "2601"]
[WhiteElo "2544"]

1. d4 {[%clk 1:30:54]} Nf6 {[%clk 1:30:51]} 2. c4 {[%clk 1:31:01]} e6
{[%clk 1:31:07]} 3. Nf3 {[%clk 1:31:00]} b6 {[%clk 1:31:12]} 4. g3
{[%clk 1:31:05]} Ba6 {[%clk 1:31:17]} 5. Qc2 {[%clk 1:31:07]} Bb7
{[%clk 1:31:07]} 6. Bg2 {[%clk 1:31:25]} c5 {[%clk 1:31:19]} 7. d5
{[%clk 1:31:30]} exd5 {[%clk 1:31:43]} 8. cxd5 {[%clk 1:31:52]} Nxd5
{[%clk 1:31:43]} 9. O-O {[%clk 1:31:58]} Be7 {[%clk 1:32:06]} 10. Qe4
{[%clk 1:30:53]} Bc6 {[%clk 1:12:14]} 11. Ne5 {[%clk 1:30:33]} Nf6
{[%clk 1:07:07]} 12. Nxc6 {[%clk 1:30:49]} Nxc6 {[%clk 1:07:33]} 13. Qa4
{[%clk 1:30:41]} O-O {[%clk 1:06:40]} 14. Rd1 {[%clk 1:28:18]} Qc8
{[%clk 1:05:25]} 15. Nc3 {[%clk 1:12:42]} a6 {[%clk 1:05:49]} 16. Bf4
{[%clk 1:11:40]} b5 {[%clk 1:04:36]} 17. Qc2 {[%clk 1:11:35]} d5 {[%clk 0:59:17]}
18. Nxd5 {[%clk 0:55:55]} Nxd5 {[%clk 0:57:37]} 19. Bxd5 {[%clk 0:56:07]} Nb4
{[%clk 0:57:54]} 20. Qc3 {[%clk 0:44:31]} Bf6 {[%clk 0:55:08]} 21. Be5
{[%clk 0:44:53]} Bxe5 {[%clk 0:53:57]} 22. Qxe5 {[%clk 0:45:18]} Re8
{[%clk 0:52:19]} 23. Qc3 {[%clk 0:31:14]} Nxd5 {[%clk 0:51:54]} 24. Rxd5
{[%clk 0:31:39]} Rxe2 {[%clk 0:45:00]} 25. Rxc5 {[%clk 0:31:40]} Qe6
{[%clk 0:45:10]} 26. a3 {[%clk 0:28:18]} Re8 {[%clk 0:40:49]} 27. Rc6
{[%clk 0:21:42]} Qf5 {[%clk 0:40:46]} 28. Rf1 {[%clk 0:22:08]} R2e6
{[%clk 0:40:54]} 29. Rxe6 {[%clk 0:21:42]} Qxe6 {[%clk 0:41:20]} 30. Rd1
{[%clk 0:21:23]} h6 {[%clk 0:41:32]} 31. Qc7 {[%clk 0:12:51]} 1/2-1/2

[Event "World Chess Olympiad 2018"]
[Site "Batumi"]
[Date "2018.09.26"]
[Round "3"]
[Board "3"]
[WhiteFideId "4202139"]
[White "Nikolaidis Ioannis"]
[BlackFideId "1300113"]
[Black "Georgiadis Nico"]
[Result "1-0"]
[LiveChessVersion "1.4.8"]
[BlackElo "2522"]
[WhiteElo "2544"]

1. d4 {[%clk 1:30:29]} Nf6 {[%clk 1:30:52]} 2. c4 {[%clk 1:30:42]} e6
{[%clk 1:31:14]} 3. Nf3 {[%clk 1:30:36]} d5 {[%clk 1:31:18]} 4. Nc3
{[%clk 1:30:27]} Bb4 {[%clk 1:31:39]} 5. Qa4+ {[%clk 1:30:01]} Nc6
{[%clk 1:32:02]} 6. e3 {[%clk 1:30:22]} O-O {[%clk 1:32:16]} 7. Bd2
{[%clk 1:29:38]} dxc4 {[%clk 1:32:04]} 8. Bxc4 {[%clk 1:29:29]} Bd6
{[%clk 1:32:27]} 9. Qc2 {[%clk 1:27:35]} a6 {[%clk 1:31:35]} 10. a3
{[%clk 1:23:32]} e5 {[%clk 1:30:21]} 11. dxe5 {[%clk 1:20:31]} Nxe5
{[%clk 1:30:40]} 12. Nxe5 {[%clk 1:20:39]} Bxe5 {[%clk 1:31:04]} 13. f4
{[%clk 1:20:28]} Bxc3 {[%clk 1:30:03]} 14. Bxc3 {[%clk 1:20:51]} Re8
{[%clk 1:14:00]} 15. O-O {[%clk 1:13:05]} Qe7 {[%clk 0:57:30]} 16. Bd4
{[%clk 1:00:04]} b6 {[%clk 0:39:52]} 17. b4 {[%clk 0:39:27]} Bb7 {[%clk 0:39:23]}
18. Rac1 {[%clk 0:36:32]} Ng4 {[%clk 0:26:11]} 19. Qf5 {[%clk 0:26:33]} Nxe3
{[%clk 0:23:13]} 20. Qxf7+ {[%clk 0:26:36]} Qxf7 {[%clk 0:23:38]} 21. Bxf7+
{[%clk 0:26:58]} Kxf7 {[%clk 0:23:01]} 22. Rxc7+ {[%clk 0:27:13]} Re7
{[%clk 0:20:34]} 23. Rxe7+ {[%clk 0:26:45]} Kxe7 {[%clk 0:21:01]} 24. Re1
{[%clk 0:24:55]} Kf7 {[%clk 0:19:43]} 25. Rxe3 {[%clk 0:25:11]} Rd8
{[%clk 0:13:36]} 26. Bc3 {[%clk 0:18:37]} g6 {[%clk 0:11:23]} 27. g4
{[%clk 0:15:24]} Rd5 {[%clk 0:10:59]} 28. Kf2 {[%clk 0:14:21]} h5
{[%clk 0:07:18]} 29. h3 {[%clk 0:14:30]} hxg4 {[%clk 0:06:27]} 30. hxg4
{[%clk 0:14:55]} Bc8 {[%clk 0:06:37]} 31. Kg3 {[%clk 0:13:08]} a5
{[%clk 0:06:28]} 32. Kh4 {[%clk 0:09:39]} Bd7 {[%clk 0:05:19]} 33. Be5
{[%clk 0:06:51]} axb4 {[%clk 0:05:24]} 34. axb4 {[%clk 0:07:18]} Rd1
{[%clk 0:05:08]} 35. Rg3 {[%clk 0:06:59]} b5 {[%clk 0:04:05]} 36. Kg5
{[%clk 0:07:14]} Be6 {[%clk 0:01:29]} 37. f5 {[%clk 0:03:28]} gxf5
{[%clk 0:01:39]} 38. gxf5 {[%clk 0:03:55]} Bc4 {[%clk 0:01:30]} 39. Ra3
{[%clk 0:03:57]} Rg1+ {[%clk 0:01:05]} 40. Bg3 {[%clk 0:34:19]} Rg2
{[%clk 0:30:40]} 41. Ra7+ {[%clk 0:29:20]} Ke8 {[%clk 0:27:31]} 42. Kh4
{[%clk 0:25:12]} Rd2 {[%clk 0:25:37]} 43. Kg4 {[%clk 0:23:54]} Rd7
{[%clk 0:24:48]} 44. Ra6 {[%clk 0:24:10]} Rg7+ {[%clk 0:22:25]} 45. Kf4
{[%clk 0:20:45]} Rd7 {[%clk 0:15:17]} 46. Bf2 {[%clk 0:20:33]} Rd5
{[%clk 0:13:57]} 47. Bc5 {[%clk 0:18:41]} Rd1 {[%clk 0:08:57]} 48. Ke5
{[%clk 0:17:37]} Rd5+ {[%clk 0:05:54]} 49. Ke4 {[%clk 0:16:05]} Rd1
{[%clk 0:04:38]} 50. Kf4 {[%clk 0:16:02]} Kf7 {[%clk 0:04:06]} 51. Ra7+
{[%clk 0:15:56]} Kf6 {[%clk 0:03:30]} 52. Be7+ {[%clk 0:15:19]} Kf7
{[%clk 0:03:57]} 53. Bd6+ {[%clk 0:13:05]} Kg8 {[%clk 0:03:09]} 54. Bc5
{[%clk 0:12:11]} Rf1+ {[%clk 0:01:51]} 55. Ke5 {[%clk 0:12:07]} Bd3
{[%clk 0:01:08]} 56. f6 {[%clk 0:12:15]} Bc4 {[%clk 0:00:53]} 57. Rg7+
{[%clk 0:12:14]} Kh8 {[%clk 0:01:18]} 58. Bd4 {[%clk 0:12:05]} Re1+
{[%clk 0:00:52]} 59. Kd6 {[%clk 0:11:37]} Rd1 {[%clk 0:00:40]} 60. Kc5
{[%clk 0:11:49]} Rc1 {[%clk 0:00:54]} 61. Kb6 {[%clk 0:07:54]} Rd1
{[%clk 0:01:18]} 62. f7 {[%clk 0:07:37]} 1-0

[Event "World Chess Olympiad 2018"]
[Site "Batumi"]
[Date "2018.09.26"]
[Round "3"]
[Board "4"]
[WhiteFideId "1319620"]
[White "Studer Noel"]
[BlackFideId "4212312"]
[Black "Pavlidis Antonios"]
[Result "1/2-1/2"]
[LiveChessVersion "1.4.8"]
[BlackElo "2552"]
[WhiteElo "2484"]

1. d4 {[%clk 1:30:57]} Nf6 {[%clk 1:30:53]} 2. c4 {[%clk 1:31:22]} e6
{[%clk 1:31:18]} 3. Nf3 {[%clk 1:31:47]} b6 {[%clk 1:31:41]} 4. g3
{[%clk 1:32:12]} Bb7 {[%clk 1:32:04]} 5. Bg2 {[%clk 1:32:36]} Be7
{[%clk 1:32:23]} 6. O-O {[%clk 1:33:00]} O-O {[%clk 1:32:45]} 7. Re1
{[%clk 1:33:11]} c5 {[%clk 1:32:57]} 8. d5 {[%clk 1:30:31]} exd5 {[%clk 1:33:21]}
9. Nh4 {[%clk 1:30:57]} Ne4 {[%clk 1:33:44]} 10. cxd5 {[%clk 1:31:23]} Bxh4
{[%clk 1:34:09]} 11. Bxe4 {[%clk 1:31:50]} Bf6 {[%clk 1:34:29]} 12. Nc3
{[%clk 1:25:21]} d6 {[%clk 1:33:29]} 13. Qc2 {[%clk 1:17:44]} h6 {[%clk 1:33:52]}
14. Bf4 {[%clk 1:17:42]} Re8 {[%clk 1:33:35]} 15. Bg2 {[%clk 1:14:24]} Qd7
{[%clk 1:32:45]} 16. a3 {[%clk 0:56:42]} Na6 {[%clk 1:25:43]} 17. Rad1
{[%clk 0:56:25]} b5 {[%clk 1:17:43]} 18. Ne4 {[%clk 0:49:12]} Be7
{[%clk 1:16:15]} 19. h4 {[%clk 0:48:30]} Nc7 {[%clk 1:02:50]} 20. Nxc5
{[%clk 0:26:15]} dxc5 {[%clk 1:03:14]} 21. Bxc7 {[%clk 0:26:41]} Qxc7
{[%clk 1:03:19]} 22. d6 {[%clk 0:27:08]} Bxd6 {[%clk 0:59:56]} 23. Bxb7
{[%clk 0:27:32]} Rad8 {[%clk 0:57:28]} 24. Bd5 {[%clk 0:20:58]} Bxg3
{[%clk 0:40:06]} 25. fxg3 {[%clk 0:21:22]} Rxd5 {[%clk 0:40:20]} 26. Rxd5
{[%clk 0:21:48]} Qxg3+ {[%clk 0:40:43]} 27. Kf1 {[%clk 0:22:16]} Qf4+
{[%clk 0:35:36]} 28. Kg2 {[%clk 0:21:11]} Qg4+ {[%clk 0:34:58]} 29. Kf1
{[%clk 0:21:35]} Qh3+ {[%clk 0:33:38]} 30. Kg1 {[%clk 0:22:01]} Qg3+
{[%clk 0:27:57]} 31. Kf1 {[%clk 0:20:24]} Qf4+ {[%clk 0:19:48]} 32. Kg2
{[%clk 0:20:04]} Qg4+ {[%clk 0:20:10]} 33. Kf1 {[%clk 0:20:23]} Qh3+
{[%clk 0:16:34]} 34. Kg1 {[%clk 0:20:50]} Qxh4 {[%clk 0:15:05]} 35. Red1
{[%clk 0:17:12]} Qg3+ {[%clk 0:10:11]} 36. Kf1 {[%clk 0:17:17]} Qf4+
{[%clk 0:09:05]} 37. Ke1 {[%clk 0:16:52]} Qg3+ {[%clk 0:08:23]} 38. Kf1
{[%clk 0:17:18]} Qf4+ {[%clk 0:07:12]} 39. Ke1 {[%clk 0:17:42]} Qg3+
{[%clk 0:07:33]} 1/2-1/2

[Event "World Chess Olympiad 2018"]
[Site "Batumi"]
[Date "2018.09.26"]
[Round "3"]
[Board "1"]
[WhiteFideId "10601457"]
[White "Amin Bassem"]
[BlackFideId "1710400"]
[Black "Grandelius Nils"]
[Result "1/2-1/2"]
[LiveChessVersion "1.4.8"]
[BlackElo "2655"]
[WhiteElo "2686"]

1. e4 {[%clk 1:29:34]} e5 {[%clk 1:30:04]} 2. Nf3 {[%clk 1:29:52]} Nc6
{[%clk 1:30:27]} 3. Bc4 {[%clk 1:30:12]} Bc5 {[%clk 1:29:14]} 4. c3
{[%clk 1:30:17]} Nf6 {[%clk 1:29:34]} 5. d3 {[%clk 1:30:42]} d6 {[%clk 1:28:26]}
6. O-O {[%clk 1:30:15]} h6 {[%clk 1:27:48]} 7. Re1 {[%clk 1:28:24]} O-O
{[%clk 1:27:52]} 8. h3 {[%clk 1:28:21]} a5 {[%clk 1:27:11]} 9. Nbd2
{[%clk 1:26:12]} Be6 {[%clk 1:25:41]} 10. a4 {[%clk 1:25:08]} Bxc4
{[%clk 1:16:11]} 11. Nxc4 {[%clk 1:25:20]} Re8 {[%clk 1:16:10]} 12. Qb3
{[%clk 1:22:47]} Qd7 {[%clk 1:06:51]} 13. Qb5 {[%clk 1:19:30]} Ne7
{[%clk 0:58:26]} 14. Nxa5 {[%clk 1:04:28]} c6 {[%clk 0:32:19]} 15. Qxb7
{[%clk 1:04:46]} Rxa5 {[%clk 0:31:21]} 16. Qxd7 {[%clk 1:05:08]} Nxd7
{[%clk 0:31:48]} 17. b4 {[%clk 1:05:30]} Ra6 {[%clk 0:23:35]} 18. bxc5
{[%clk 1:05:53]} Nxc5 {[%clk 0:24:04]} 19. Ba3 {[%clk 1:06:08]} Ng6
{[%clk 0:23:01]} 20. Bxc5 {[%clk 0:56:06]} dxc5 {[%clk 0:23:30]} 21. g3
{[%clk 0:49:21]} Rea8 {[%clk 0:20:20]} 22. Reb1 {[%clk 0:48:59]} f6
{[%clk 0:08:47]} 23. Nd2 {[%clk 0:26:32]} Rxa4 {[%clk 0:09:05]} 24. Rxa4
{[%clk 0:26:02]} Rxa4 {[%clk 0:09:34]} 25. Nc4 {[%clk 0:26:17]} Nf8
{[%clk 0:09:38]} 26. Kf1 {[%clk 0:22:08]} Ra2 {[%clk 0:08:59]} 27. Ke1
{[%clk 0:16:41]} Ne6 {[%clk 0:05:23]} 28. h4 {[%clk 0:17:10]} h5 {[%clk 0:02:07]}
29. Rb6 {[%clk 0:16:26]} g5 {[%clk 0:01:08]} 30. hxg5 {[%clk 0:16:39]} Nxg5
{[%clk 0:01:36]} 31. Rxc6 {[%clk 0:15:49]} Nf3+ {[%clk 0:01:21]} 32. Kd1
{[%clk 0:13:21]} Kg7 {[%clk 0:01:03]} 33. Rc7+ {[%clk 0:13:24]} Kg8
{[%clk 0:00:37]} 34. Rxc5 {[%clk 0:11:25]} Rxf2 {[%clk 0:00:52]} 35. Rc8+
{[%clk 0:11:38]} Kg7 {[%clk 0:00:36]} 36. Rc7+ {[%clk 0:09:18]} Kg6
{[%clk 0:01:05]} 37. Ne3 {[%clk 0:09:02]} h4 {[%clk 0:01:16]} 38. Nf5
{[%clk 0:07:06]} hxg3 {[%clk 0:01:20]} 39. Rg7+ {[%clk 0:07:29]} Kh5
{[%clk 0:01:49]} 40. Nxg3+ {[%clk 0:36:53]} Kh6 {[%clk 0:30:51]} 41. Nf5+
{[%clk 0:36:51]} Kh5 {[%clk 0:31:12]} 42. Kc1 {[%clk 0:30:50]} Ne1
{[%clk 0:21:11]} 43. Rd7 {[%clk 0:23:37]} Kg4 {[%clk 0:19:44]} 44. Rd6
{[%clk 0:22:26]} Kf3 {[%clk 0:16:12]} 45. Nh6 {[%clk 0:16:31]} Ke2
{[%clk 0:15:40]} 46. Ng4 {[%clk 0:16:46]} Rg2 {[%clk 0:13:46]} 47. Nxf6
{[%clk 0:16:41]} Nxd3+ {[%clk 0:14:11]} 48. Kc2 {[%clk 0:16:42]} Ke3+
{[%clk 0:13:25]} 49. Kb3 {[%clk 0:16:22]} Nc5+ {[%clk 0:13:35]} 50. Kc4
{[%clk 0:14:46]} Nxe4 {[%clk 0:13:50]} 1/2-1/2